000 00962nac a22003017a 4500
001 BR8001669
003 BR-BrBNA
005 20240105114628.0
008 230509b bl.|||m| |||| 00| 0 por d
040 _aBR-BrBNA
_bpor
_cBiblioteca Nacional de Agricultura
072 _aE50
090 _aE50 BR8001669
100 1 _aAndrade, G.O. de
110 1 _aInstituto Joaquim Nabuco de Pesquisas Sociais, Recife, PE (Brasil)
_96383
245 1 _aMigracoes internas e o Recife [Pernambuco; Brasil]
260 3 _aRecife, PE (Brasil):
_c1979.
300 _a100 p.
490 _aSerie Estudos e Pesquisas - Instituto Joaquim Nabuco de Pesquisas Sociais (Brazil)
_vno. 12
_x
500 _aBibliography p. 94-100 (81 ref.)
650 _aSociologia rural
650 _aMigracao rural
650 _aDemografia
650 _aUrbanizacao
650 _aRecife
650 _aPernambuco
909 _a202312
_bLúcia Elande
_c55
_dLúcia Elande
942 _2AGRIS
_n0
_cMS
999 _c270421
_d270421